1385 1952 1067 1070 1254 1309 1008 1341 1015 1451 1510 1113 1674 1731 1125 1222 1764 1161 1956 1854 1156 1014 1824 1637 1000 1117 1024 1739 1622 1988 1143 1257 1385 1739 1652 1551 1754 1974 1921 1416 1698 1430 1765 1420 1639 1134 1619 1691 1812 1343 1020 1271 1459 1352 1856 1300 1301 1275 1900 1454 1103 1322 1981 1725 1441 1256 1964 1237 1773 1803 1357 1181 1833 1726 1151 1271 1769 1978 1606 1542 1771 1510 1325 1157 1336 1726 1061 1352 1364 1627 1257 1771 1492 1775 1450 1145 1114 1956 1403 BCNSPRNW ULIB Ver.6.0+V

เปลี่ยนเป็นภาษาไทย

Change to English
 แสดงรายละเอียดบรรณานุกรม
  กลับหน้าหลัก

Brief Record : Get Marc (ISO 2709) : E-mail record : QR code < ปิดหน้าต่าง
LEADER : 00000nam 2200000uu 4500
001    13399109199
003     ULIB
008    110203s2546||||th 000 0 tha d
020    9746453661(ล.2)
060  4 WA525^bม246ก ล.2 2546
110 1  มหาวิทยาลัยสุโขทัยธรรมาธิราช^bสาขาวิชาวิทยาศาสตร์สุขภาพ
245 00 เอกสารการสอนชุดวิชา การบริหารองค์การและทรัพยากรสาธารณสุข หน่วยที่ 6-10=^b Organization and public health resources management /^cสาขาวิชาวิทยาศาสตร์สุขภาพ มหาวิทยาลัยสุโขทัยธรรมาธิราช
246 0  Organization and public health resources management
250    พิมพ์ครั้งที่ 1
260    นนทบุรี:^bศูนย์หนังสือมหาวิทยาลัยสุโขทัยธรรมาธิราช,^c2546
300    189 หน้า
650  7 การบริหารสาธารณสุข
650  7 ทรัพยากรสาธารณสุข^xการจัดการ
945    ^p165^l0^i022768
945    ^p165^l0^i022766
945    ^p165^l0^i022765
945    ^p165^l0^i022767
995    ทศพร
999 ^a ใช้งานได้ทุกระบบ
รายการนี้ยังไม่มีแท็ก
คุณยังไม่ได้ล็อกอิน คุณสามารถมีกิจกรรมร่วมกับเว็บไซต์ได้ แต่ต้องล็อกอินก่อน ::
  ล็อกอิน

รายการสื่อสารสนเทศ

ลำดับที่ ประเภท เลขเรียก/บาร์โค้ด สถานที่ สถานะ
- ไม่พบข้อมูล -

รายการใกล้เคียง
    หัวเรื่อง [การบริหารสาธารณสุข]

BibComment


ยังไม่เคยถูกคอมเมนท์

คอมเมนท์ทรัพยากรรายการนี้
  คอมเมนท์: เอกสารการสอนชุดวิ..


 Copyright 2026. Bcnsprnw @Library